Les 10 meilleurs buteurs et passeurs de la ligue 1 2023/2024 - Statistiques

Statistiques générales
  • Ce quiz a été pris 210 fois
  • Le résultat moyen est 12 sur 20
Statistiques - réponses
Statistiques Nombre de Matchs Ratio Club Joueur % Correct
27 29 0,93 PSG Kylian Mbappé
100%
7 29 0,24 PSG Kylian mbappé
100%
19 29 0,66 OL Alexandre Lacazette
98%
19 34 0,56 LOSC Jonathan David
89%
17 34 0,5 OM Pierre-Emerick Aubameyang
89%
8 26 0,31 PSG Ousmane Dembélé
86%
16 32 0,5 AS Monaco Wissam Ben Yedder
83%
11 29 0,38 PSG Goncalo Ramos
71%
7 28 0,25 PSG Bradley Barcola
66%
13 20 0,65 FC Metz Georges Mikautadze
66%
11 30 0,37 OGC Nice Terem Moffi
54%
14 33 0,42 Toulouse FC Thijs Dallinga
49%
10 30 0,33 Stade Rennais Arnaud kalimuendo
47%
6 30 0,2 AS Monaco Takumi Minamino
43%
7 31 0,23 Stade de Reims Junya Ito
37%
8 33 0,24 Stade Brestois Romain Del Castillo
36%
8 31 0,26 LOSC Angel Gomes
21%
6 32 0,19 Montpellier HSC/RC Lens Téji Savanier /Florian Sotoca
18%
6 25 0,24 AS Monaco Alexandre Golovine
9%
6 31 0,19 RC Strasbourg Dilane Bakwa
7%
Aucun quiz correspondant
Distribution des résultats
% des personnes avec chaque résultat
Percentile par nombre de réponses
Votre historique - résultats
Vous n’avez pas pris ce quiz